Statistics for Country Shapes in the World Map - Chain Game #1

Click here to take the quiz!

General Stats

  • This quiz has been taken 3,849 times
  • The average score is 9 of 10

Answer Stats

Country % Correct
Algeria
100%
Colombia
97%
Madagascar
96%
Romania
94%
Afghanistan
92%
Iceland
90%
Papua New Guinea
89%
Peru
88%
Finland
86%
Canada
86%

Score Distribution

Percentile by Number Answered

Percent of People with Each Score

Your Score History

You have not taken this quiz